| 000 | 00936nam a22002297a 4500 | ||
|---|---|---|---|
| 003 | UA-OsUOA | ||
| 001 | 77214 | ||
| 007 | ta | ||
| 008 | 20110905b un ||||| |||| 00| 0 ukr d | ||
| 090 |
_a340(035) _bД58 |
||
| 942 | _cBK | ||
| 040 |
_aUA-OsUOA _bukr _cUA-OsUOA _dUA-OsUOA |
||
| 245 |
_aДовідник про автореферати виконаних в Україні за 1991 - 2008 роки дисертацій на здобуття наукового ступеня доктора і кандидата юридичних наук _cукл.: В.К.Грищук, Б.О.Кирись, О.Ф.Пасєка |
||
| 300 | _a472 с. | ||
| 955 | _a2 | ||
| 041 | _aukr | ||
| 080 | _a340(035) | ||
| 020 | _a978-611-511-012-4 | ||
| 260 |
_aЛьвів _bЛДУВС _c2009 |
||
| 650 | 7 |
_a340 Право в цілому. Пропедевтика. Методи та допоміжні правничі науки _2UDC |
|
| 999 |
_c363514 _d363514 |
||